[Event "Tournoi des pays de l'OTAN 2012"]
[Site "BREST (France)"]
[Date "2012.10.04"]
[Round "6.4"]
[White "Nill, Oliver"]
[Black "Guidez, Yann-Michael"]
[Result "0-1"]
[WhiteElo "2193"]
[BlackElo "2262"]
[PlyCount "78"]
[EventDate "2012.??.??"]

1. c4 e5 2. Nc3 Nf6 3. g3 d5 4. cxd5 Nxd5 5. Bg2 Nb6 6. Nf3 Nc6 7. O-O Be7 8.
a3 O-O 9. b4 Be6 10. d3 a5 11. b5 Nd4 12. Rb1 a4 13. e3 Bb3 14. Qd2 Nxf3+ 15.
Bxf3 c6 16. bxc6 bxc6 17. Bd1 Be6 18. Qb2 Ra6 19. Qe2 Qa8 20. f4 exf4 21. exf4
Re8 22. Qf2 Nd5 23. Ne4 Bf5 24. Bf3 Qc8 25. Qc2 Qd7 26. Nf2 Be6 27. Re1 Nf6 28.
Bb2 Bf8 29. Rbc1 Bb3 30. Qd2 Nd5 31. Rxe8 Qxe8 32. Re1 Qd8 33. Qe2 Ra7 34. Qe8
Rd7 35. Qe5 Re7 36. Ng4 Rxe5 37. Nxe5 Ne7 38. Be4 Bd5 39. Bxd5 Qxd5 0-1

[Event "Tournoi des pays de l'OTAN 2012"]
[Site "BREST (France)"]
[Date "2012.10.04"]
[Round "6.5"]
[White "Bieluszewski, Piotr"]
[Black "Petersen, Finn"]
[Result "0-1"]
[WhiteElo "2107"]
[BlackElo "2291"]
[PlyCount "126"]
[EventDate "2012.??.??"]

1. e4 c6 2. d4 d5 3. Nd2 dxe4 4. Nxe4 Bf5 5. Ng3 Bg6 6. Nf3 Nd7 7. h4 h6 8. h5
Bh7 9. Bd3 Bxd3 10. Qxd3 e6 11. Bf4 Qa5+ 12. Bd2 Bb4 13. Ne4 Ngf6 14. Nd6+ Ke7
15. Nc4 Bxd2+ 16. Nfxd2 Qc7 17. O-O-O b5 18. Qa3+ c5 19. dxc5 Qxc5 20. Qxc5+
Nxc5 21. Ne5 Rac8 22. g4 Rhd8 23. Nb3 Rd5 24. Rxd5 Nxb3+ 25. axb3 Nxd5 26. Nd3
f6 27. Kd2 Rc6 28. Ra1 a6 29. f3 e5 30. c3 Rd6 31. Ke2 Kf7 32. c4 Nc7 33. Nc5
Rc6 34. Ne4 Ne6 35. cxb5 Nd4+ 36. Kd3 axb5 37. Ra7+ Kg8 38. Ra8+ Kh7 39. f4
Nxb3 40. g5 hxg5 41. fxg5 Nc5+ 42. Nxc5 Rxc5 43. gxf6 gxf6 44. Ra6 Rd5+ 45. Ke3
Kg7 46. h6+ Kg6 47. h7 Rd8 48. Rb6 Rh8 49. Rxb5 Rxh7 50. b4 Kf5 51. Rb8 Rh3+
52. Kd2 Ke4 53. b5 f5 54. Kc2 f4 55. Rf8 Rh6 56. Ra8 Ke3 57. Ra6 Rh2+ 58. Kc3
f3 59. b6 f2 60. Ra1 Rh7 61. Kc4 e4 62. Kd5 Kf3 63. Ra7 f1=Q 0-1

[Event "Tournoi des pays de l'OTAN 2012"]
[Site "BREST (France)"]
[Date "2012.10.04"]
[Round "6.6"]
[White "Sycz, Dariusz"]
[Black "Giua, Frederic"]
[Result "1/2-1/2"]
[WhiteElo "1990"]
[BlackElo "2237"]
[PlyCount "88"]
[EventDate "2012.??.??"]

1. d4 Nf6 2. Nf3 e6 3. c4 d5 4. Nc3 Bb4 5. Bg5 h6 6. Bxf6 Qxf6 7. g3 O-O 8. Bg2
dxc4 9. O-O Nc6 10. Qa4 Rb8 11. Qb5 Bxc3 12. bxc3 Bd7 13. Qxc4 Rfc8 14. Qd3 Rd8
15. Rfd1 Na5 16. e4 a6 17. Nd2 c5 18. d5 c4 19. Qe3 exd5 20. e5 Qe6 21. f4 Ba4
22. Rf1 Bc2 23. Nf3 Nc6 24. Rae1 b5 25. Rf2 Bd3 26. a3 a5 27. Qc5 b4 28. axb4
axb4 29. cxb4 Nxb4 30. Nd4 Qb6 31. Qxb6 Rxb6 32. f5 Be4 33. Bxe4 dxe4 34. Rxe4
Nd3 35. Rfe2 Nc5 36. Rf4 c3 37. e6 fxe6 38. fxe6 Rb2 39. e7 Re8 40. Kf1 Nd3 41.
Rfe4 Nb4 42. Nf5 c2 43. Rc4 Rb1+ 44. Kg2 c1=Q 1/2-1/2

[Event "Tournoi des pays de l'OTAN 2012"]
[Site "BREST (France)"]
[Date "2012.10.04"]
[Round "6.7"]
[White "Bohn, Ulrich"]
[Black "Karbowiak, Adam"]
[Result "0-1"]
[WhiteElo "2184"]
[BlackElo "2154"]
[PlyCount "146"]
[EventDate "2012.??.??"]

1. e4 e6 2. d4 d5 3. exd5 exd5 4. Nf3 Nf6 5. c4 Bb4+ 6. Nc3 O-O 7. Be2 dxc4 8.
O-O h6 9. Ne5 Be6 10. Nxc4 Nc6 11. a3 Be7 12. Be3 Nd5 13. Qd3 Bf6 14. Ne4 Bxd4
15. Bxd4 Nf4 16. Nf6+ Qxf6 17. Bxf6 Nxd3 18. Bxd3 gxf6 19. Ne3 Ne5 20. Be4 c6
21. f4 Nc4 22. Nxc4 Bxc4 23. Rf3 Rfe8 24. Rg3+ Kh8 25. Bf5 Be6 26. Bd3 Rad8 27.
Re1 Rd4 28. f5 Bd7 29. Rxe8+ Bxe8 30. Kf2 c5 31. Re3 Kg7 32. Rxe8 Rxd3 33. Rc8
Rd2+ 34. Kf1 b6 35. b4 cxb4 36. axb4 Rd4 37. Ra8 Rxb4 38. Rxa7 Rf4+ 39. Ke2
Rxf5 40. Rb7 Rb5 41. g4 Rb1 42. Rb8 Rb4 43. Kf3 b5 44. Kg3 Rb2 45. Kh3 Rb3+ 46.
Kh4 Kg6 47. Rg8+ Kh7 48. Rf8 Kg7 49. Rb8 Rb2 50. h3 Rb3 51. Rb7 Kf8 52. Rb8+
Ke7 53. Rb6 b4 54. Rb7+ Kd6 55. Rb5 Ke6 56. Rb6+ Ke5 57. Rb5+ Ke4 58. Rb6 f5
59. gxf5 Kxf5 60. Rxh6 Rc3 61. Rb6 b3 62. Rb4 Ke5 63. Rb5+ Ke4 64. Rb4+ Kd3 65.
Rb7 Kc2 66. Rxf7 b2 67. Rf1 Kb3 68. Rb1 Rc1 69. Rxb2+ Kxb2 70. Kg5 Rg1+ 71. Kf5
Rh1 72. Kg4 Kc3 73. h4 Kd4 0-1

[Event "Tournoi des pays de l'OTAN 2012"]
[Site "BREST (France)"]
[Date "2012.10.04"]
[Round "6.8"]
[White "Papista, Akos"]
[Black "Kedzierski, Slawomir"]
[Result "1/2-1/2"]
[WhiteElo "2159"]
[BlackElo "2086"]
[PlyCount "76"]
[EventDate "2012.??.??"]

1. e4 c5 2. Nf3 d6 3. d4 cxd4 4. Nxd4 Nf6 5. Nc3 a6 6. f4 e6 7. Qf3 Qc7 8. Be3
b5 9. Bd3 Nbd7 10. a3 Nc5 11. O-O Bb7 12. Rae1 Be7 13. g4 O-O 14. g5 Nfd7 15.
Qh3 Rfe8 16. f5 exf5 17. exf5 Nxd3 18. g6 Nf8 19. gxf7+ Kxf7 20. cxd3 Kg8 21.
Ne4 Bxe4 22. dxe4 Bf6 23. Qg2 d5 24. Bf2 dxe4 25. Rxe4 Rad8 26. Rfe1 Rxe4 27.
Qxe4 Qd6 28. Nc6 Rd7 29. b4 Qd2 30. Bc5 Rf7 31. Kh1 Bc3 32. Re2 Qc1+ 33. Kg2
Qg5+ 34. Kh1 Qc1+ 35. Kg2 Qg5+ 36. Kh1 Qc1+ 37. Kg2 Qg5+ 38. Kh1 Qc1+ 1/2-1/2

[Event "Tournoi des pays de l'OTAN 2012"]
[Site "BREST (France)"]
[Date "2012.10.04"]
[Round "6.9"]
[White "Sirch, Franz"]
[Black "Kaczorowski, Piotr"]
[Result "1/2-1/2"]
[WhiteElo "2173"]
[BlackElo "2054"]
[PlyCount "168"]
[EventDate "2012.??.??"]

1. e4 e6 2. d3 d5 3. Nd2 dxe4 4. dxe4 Nf6 5. Ngf3 Be7 6. Bb5+ Bd7 7. Bxd7+
Nbxd7 8. O-O O-O 9. Qe2 c6 10. b3 Qc7 11. Bb2 Rfd8 12. e5 Nd5 13. c4 Nf4 14.
Qe4 Ng6 15. Rfe1 Nc5 16. Qc2 Rd7 17. Nd4 Rad8 18. N2f3 Nh4 19. Nxh4 Bxh4 20.
Rad1 Be7 21. b4 Na6 22. a3 c5 23. Nb5 Qb6 24. Nd6 cxb4 25. Bd4 Qc6 26. axb4
Nxb4 27. Qb3 Bxd6 28. exd6 Rxd6 29. Bxa7 Nd3 30. Rf1 b6 31. Rb1 Nf4 32. Qf3
Qxc4 33. Bxb6 Rc8 34. Be3 Nd3 35. h3 Rd7 36. Qg3 Qd5 37. Rfd1 e5 38. Bh6 f6 39.
Be3 Qe4 40. Ra1 Kh8 41. Rdb1 h6 42. Rb6 Kh7 43. Raa6 Nf4 44. Kh2 Nd5 45. Rd6
Rxd6 46. Rxd6 Nxe3 47. fxe3 Rc3 48. Rd7 Qg6 49. Qf2 Qg5 50. e4 Rc4 51. Qf5+
Qxf5 52. exf5 h5 53. g3 Rc2+ 54. Kg1 Kh6 55. Rf7 Ra2 56. Re7 Rb2 57. Rf7 Kg5
58. Rxg7+ Kxf5 59. Rh7 Ke4 60. Rxh5 Kf3 61. g4 Rb6 62. Rf5+ Kg3 63. Kf1 Rb1+
64. Ke2 Rb2+ 65. Ke3 Rb3+ 66. Ke2 Kxh3 67. g5 Kg4 68. Rxf6 Kxg5 69. Rf8 Ra3 70.
Rf7 Kg4 71. Rf8 Ra4 72. Ke3 Rf4 73. Rg8+ Kf5 74. Rf8+ Kg5 75. Rxf4 exf4+ 76.
Kf3 Kf5 77. Kf2 Ke4 78. Ke2 f3+ 79. Kf2 Kf4 80. Kf1 Kg4 81. Kf2 Kf4 82. Kf1 Kg3
83. Kg1 f2+ 84. Kf1 Kf3 1/2-1/2

[Event "Tournoi des pays de l'OTAN 2012"]
[Site "BREST (France)"]
[Date "2012.10.04"]
[Round "6.10"]
[White "Helbig, Mark"]
[Black "Aagaard, Gert"]
[Result "1-0"]
[WhiteElo "2308"]
[BlackElo "2030"]
[PlyCount "131"]
[EventDate "2012.??.??"]

1. d4 Nf6 2. c4 e6 3. Nf3 b6 4. g3 Bb7 5. Bg2 Bb4+ 6. Bd2 Bxd2+ 7. Nbxd2 d6 8.
O-O O-O 9. Qc2 Qe7 10. e4 e5 11. d5 Nh5 12. Ne1 Bc8 13. Nd3 g5 14. Rae1 h6 15.
Qd1 Nf6 16. f4 gxf4 17. gxf4 Bg4 18. Bf3 Kh7 19. Kh1 Rg8 20. Rg1 Bxf3+ 21. Qxf3
Rxg1+ 22. Rxg1 Nbd7 23. fxe5 Nxe5 24. Qf5+ Kh8 25. Nxe5 Qxe5 26. Qxe5 dxe5 27.
Rf1 Kg7 28. Kg2 a5 29. Kf3 Ne8 30. Rc1 a4 31. Ke3 f6 32. c5 bxc5 33. Rxc5 Rb8
34. Nc4 Rb4 35. Kd3 Rb7 36. Kc3 Kg6 37. Ra5 Kg5 38. Rxa4 Rb8 39. b3 Kh4 40. Ra6
Kh3 41. d6 Rd8 42. d7 Rxd7 43. Re6 Rd8 44. Re7 h5 45. Rh7 h4 46. Rh8 Rc8 47.
Rh6 Rd8 48. a4 Nd6 49. Nxd6 Rxd6 50. a5 Kxh2 51. Rxh4+ Kg3 52. Rh7 Kf3 53. Rxc7
Kxe4 54. b4 Rd1 55. Kb2 f5 56. a6 f4 57. a7 Rd8 58. b5 f3 59. b6 Ra8 60. b7
Rxa7 61. b8=Q Rxc7 62. Qxc7 f2 63. Qc4+ Kf3 64. Qf1 e4 65. Kc2 Ke3 66. Kd1 1-0

[Event "Tournoi des pays de l'OTAN 2012"]
[Site "BREST (France)"]
[Date "2012.10.04"]
[Round "6.11"]
[White "Narman, Gokhan"]
[Black "Schott, Guido"]
[Result "1-0"]
[WhiteElo "2075"]
[BlackElo "2192"]
[PlyCount "154"]
[EventDate "2012.??.??"]

1. d4 Nf6 2. g3 d5 3. Bg2 c5 4. Nf3 Nc6 5. O-O e6 6. c3 Be7 7. Bg5 Qb6 8. Qb3
Qxb3 9. axb3 cxd4 10. cxd4 Bd7 11. Nc3 O-O 12. Rfd1 Rfd8 13. Ne5 Be8 14. e3 h6
15. Bxf6 gxf6 16. Nd3 f5 17. Bf1 Nb4 18. Rdc1 Rdc8 19. Kg2 Nxd3 20. Bxd3 a6 21.
Na4 Bxa4 22. bxa4 Kf8 23. h3 Ke8 24. g4 fxg4 25. hxg4 Rxc1 26. Rxc1 Kd7 27. Rh1
Rg8 28. Kf3 Bf8 29. Kg3 Bg7 30. f4 Rc8 31. f5 Ke7 32. Kf4 Rc6 33. a5 b6 34.
axb6 Rxb6 35. Ra1 Rxb2 36. Rxa6 Rb7 37. fxe6 fxe6 38. Bh7 Rd7 39. g5 hxg5+ 40.
Kxg5 Rd6 41. Ra7+ Rd7 42. Ra2 Bh8 43. Rh2 Kd6 44. Bg6 Bg7 45. Ra2 Ke7 46. Bd3
e5 47. Kg6 Bh8 48. Bf5 Rd6+ 49. Kh7 exd4 50. Kxh8 dxe3 51. Kg7 d4 52. Ra7+ Kd8
53. Ra8+ Ke7 54. Bd3 Re6 55. Ra2 Kd6 56. Kf7 Re5 57. Kf6 Re8 58. Kf5 Kd5 59.
Ra5+ Kd6 60. Ra1 Kd5 61. Kg4 e2 62. Re1 Kc5 63. Bxe2 d3 64. Rc1+ Kd4 65. Bd1
Re1 66. Kf3 d2 67. Rb1 Re7 68. Kf2 Kc3 69. Rb3+ Kc4 70. Ra3 Re1 71. Be2+ Kb4
72. Rd3 d1=Q 73. Bxd1 Re7 74. Bf3 Kc4 75. Rd8 Kc5 76. Be2 Re5 77. Ke1 Rd5 1-0

[Event "Tournoi des pays de l'OTAN 2012"]
[Site "BREST (France)"]
[Date "2012.10.04"]
[Round "6.12"]
[White "Nielsen, Rene O"]
[Black "Koopmeiners, Karl"]
[Result "1/2-1/2"]
[WhiteElo "2150"]
[BlackElo "2015"]
[PlyCount "47"]
[EventDate "2012.??.??"]

1. e4 c6 2. c4 d5 3. exd5 cxd5 4. d4 Nf6 5. Nc3 e6 6. cxd5 Nxd5 7. Nf3 Bb4 8.
Bd2 Nc6 9. Bd3 h6 10. O-O O-O 11. Rc1 Be7 12. Bb1 Nf6 13. Bf4 Qb6 14. Na4 Qa5
15. a3 Rd8 16. b4 Qh5 17. Nc5 Bd6 18. Qd2 e5 19. Be3 Nxd4 20. Nxd4 exd4 21. Bf4
Bxf4 22. Qxf4 Qg5 23. Qxg5 hxg5 24. Rfd1 1/2-1/2

[Event "Tournoi des pays de l'OTAN 2012"]
[Site "BREST (France)"]
[Date "2012.10.04"]
[Round "6.13"]
[White "Engelen, Johan"]
[Black "Onley, E J David"]
[Result "0-1"]
[WhiteElo "1953"]
[BlackElo "2107"]
[PlyCount "80"]
[EventDate "2012.??.??"]

1. c4 Nf6 2. g3 g6 3. Bg2 Bg7 4. Nc3 O-O 5. e4 d6 6. Nge2 e5 7. O-O Nc6 8. d3
a6 9. a4 a5 10. h3 Nb4 11. d4 c6 12. Be3 Qe7 13. Qd2 Ne8 14. g4 Nc7 15. d5 c5
16. g5 f5 17. gxf6 Bxf6 18. Kh2 Ne8 19. Ng3 Ng7 20. Bh6 Rf7 21. Nce2 Bd7 22.
Ng1 Raf8 23. Nf3 Qe8 24. b3 Bd8 25. Qe2 Rf6 26. Be3 Bc8 27. Rg1 Qd7 28. Raf1
Rxf3 29. Nf5 R3xf5 30. exf5 Nxf5 31. Bd2 Nc2 32. f4 Ncd4 33. Qd3 Bh4 34. fxe5
Bg3+ 35. Kh1 Bxe5 36. Bf4 Bxf4 37. Rxf4 Re8 38. Be4 Qg7 39. Bxf5 Bxf5 40. Qf1
Re3 0-1

[Event "Tournoi des pays de l'OTAN 2012"]
[Site "BREST (France)"]
[Date "2012.10.04"]
[Round "6.14"]
[White "Picart, Laurent"]
[Black "Portman, Carl"]
[Result "1-0"]
[WhiteElo "2103"]
[BlackElo "1994"]
[PlyCount "63"]
[EventDate "2012.??.??"]

1. d4 d5 2. c4 c6 3. Nf3 Nf6 4. Nc3 g6 5. e3 Bg7 6. Be2 O-O 7. O-O Nbd7 8. cxd5
Nxd5 9. Nxd5 cxd5 10. Qb3 e6 11. Bd2 Qb6 12. Rfc1 f6 13. Qa3 Re8 14. Ba5 Bf8
15. Qa4 Qd6 16. Bb5 a6 17. Bc7 Qe7 18. a3 e5 19. dxe5 Nc5 20. exf6 Qxc7 21.
Bxe8 Be6 22. f7+ Bxf7 23. Bxf7+ Qxf7 24. Qd1 d4 25. Nxd4 Rd8 26. Qg4 h5 27. Qf3
Qe7 28. b4 Nd3 29. Rc3 Ne5 30. Qe4 Qf6 31. Rac1 Ng4 32. Qe6+ 1-0

[Event "Tournoi des pays de l'OTAN 2012"]
[Site "BREST (France)"]
[Date "2012.10.04"]
[Round "6.15"]
[White "Van Den Heuvel, Tonnie"]
[Black "Gooris, Jan"]
[Result "1/2-1/2"]
[WhiteElo "1874"]
[BlackElo "2101"]
[PlyCount "119"]
[EventDate "2012.??.??"]

1. c4 g6 2. g3 Bg7 3. Bg2 e5 4. Nc3 f5 5. d3 c6 6. Nf3 Qe7 7. Qc2 Na6 8. O-O
Nf6 9. e4 d6 10. b3 O-O 11. Bb2 Nc5 12. b4 Ne6 13. Ne2 Bd7 14. exf5 gxf5 15.
Nh4 Nc7 16. Rae1 Qf7 17. d4 e4 18. Bh3 Ng4 19. Nf4 d5 20. cxd5 Nxd5 21. Nxd5
Qxd5 22. Bxg4 fxg4 23. Qxe4 Qxa2 24. Qe2 Rae8 25. Qd2 Qd5 26. Ng2 Qd6 27. Bc3
Be6 28. Re4 Bd5 29. Rxg4 Kh8 30. Qg5 Qd7 31. Rf4 Qd6 32. Qg4 Bh6 33. Rxf8+ Rxf8
34. Re1 Qf6 35. Qe2 Kg8 36. f4 Bg7 37. Qe7 Qg6 38. Ne3 Be4 39. Rf1 Re8 40. Qg5
Qxg5 41. fxg5 Bd3 42. Re1 Re4 43. Ng2 Bxd4+ 44. Bxd4 Rxd4 45. Rd1 Rd7 46. g4
Bf5 47. Rxd7 Bxd7 48. Ne3 Kf7 49. Kf2 Ke6 50. h4 b6 51. h5 a5 52. bxa5 bxa5 53.
Ke2 a4 54. Kd2 Be8 55. Nf5 Ke5 56. g6 Bxg6 57. hxg6 hxg6 58. Ne7 g5 59. Nxc6+
Kf4 60. Nd4 1/2-1/2

[Event "Tournoi des pays de l'OTAN 2012"]
[Site "BREST (France)"]
[Date "2012.10.04"]
[Round "6.16"]
[White "Franck, Boris"]
[Black "Nyberg, Darwin"]
[Result "1-0"]
[WhiteElo "2087"]
[BlackElo "1971"]
[PlyCount "69"]
[EventDate "2012.??.??"]

1. e4 e5 2. Nf3 Nc6 3. Bc4 g6 4. h4 Nf6 5. Ng5 d5 6. exd5 Na5 7. Bb5+ c6 8.
dxc6 bxc6 9. Qf3 Bd7 10. Ba4 Be7 11. h5 Bg4 12. Qc3 Nxh5 13. b4 Bxg5 14. Qxe5+
Qe7 15. Qxe7+ Bxe7 16. bxa5 O-O-O 17. Bb2 Rhe8 18. O-O Kc7 19. d3 Bc5 20. Nd2
Nf4 21. Ne4 Ne2+ 22. Kh1 Rd5 23. Nf6 Re6 24. Nxg4 Rh5+ 25. Nh2 Bd6 26. g3 Nxg3+
27. fxg3 Re2 28. Rxf7+ Kd8 29. Bxc6 Rhxh2+ 30. Kg1 Rxc2 31. Bf6+ Kc8 32. Bb7+
Kb8 33. Rb1 Rhd2 34. Bd5+ Kc8 35. Be6# 1-0

[Event "Tournoi des pays de l'OTAN 2012"]
[Site "BREST (France)"]
[Date "2012.10.04"]
[Round "6.17"]
[White "Nielsen, Henrik"]
[Black "Cheung, Jan"]
[Result "1-0"]
[WhiteElo "2037"]
[BlackElo "2085"]
[PlyCount "95"]
[EventDate "2012.??.??"]

1. d4 Nf6 2. Nf3 g6 3. g3 Bg7 4. Bg2 O-O 5. O-O d6 6. Re1 Nbd7 7. e4 e5 8. dxe5
dxe5 9. Nc3 Re8 10. Qe2 c6 11. Bg5 Qc7 12. Rad1 h6 13. Be3 Bf8 14. Nd2 b5 15.
Nb3 a5 16. f3 a4 17. Nd2 Kh7 18. Qf2 Ba6 19. h3 Bb4 20. Ne2 Ba5 21. Nc1 c5 22.
f4 Rac8 23. Nd3 c4 24. Nxe5 Nf8 25. c3 a3 26. Bd4 Ne6 27. Ndf3 Nxd4 28. Nxd4
Nh5 29. Kh2 b4 30. Nec6 bxc3 31. Nxa5 Qxa5 32. bxa3 Qxa3 33. Rc1 Rb8 34. Rc2
Rb2 35. Ree2 Reb8 36. f5 Qd6 37. e5 Qc7 38. fxg6+ fxg6 39. e6 Rxc2 40. Nxc2 Kg8
41. e7 Ng7 42. Bd5+ Kh7 43. Qf7 Bb5 44. Qf8 h5 45. Bg8+ Kh6 46. h4 Qc8 47. e8=Q
Bxe8 48. Qf4+ 1-0

[Event "Tournoi des pays de l'OTAN 2012"]
[Site "BREST (France)"]
[Date "2012.10.04"]
[Round "6.18"]
[White "Redman, Michael"]
[Black "Nielsen, Jan Mose"]
[Result "1-0"]
[WhiteElo "2016"]
[BlackElo "2122"]
[PlyCount "57"]
[EventDate "2012.??.??"]

1. d4 Nf6 2. c4 g6 3. Nc3 Bg7 4. e4 d6 5. Bd3 c6 6. Nge2 e5 7. d5 Na6 8. O-O
O-O 9. Ng3 Nc5 10. Bc2 cxd5 11. cxd5 Bd7 12. b4 Na6 13. a3 Rc8 14. Bd2 Ng4 15.
Qf3 Qh4 16. h3 Nh6 17. Rac1 f5 18. exf5 Nxf5 19. Qe4 Qf6 20. Qd3 h6 21. Bb1 Nd4
22. Be3 Qh4 23. Bxd4 exd4 24. Nce2 Rxc1 25. Rxc1 Be8 26. Rc8 Qe7 27. Qe4 Qf7
28. Qe6 Nc7 29. Rxc7 1-0

[Event "Tournoi des pays de l'OTAN 2012"]
[Site "BREST (France)"]
[Date "2012.10.04"]
[Round "6.19"]
[White "Choate, Paul"]
[Black "De Waard, Marco"]
[Result "1-0"]
[WhiteElo "2024"]
[BlackElo "2117"]
[PlyCount "47"]
[EventDate "2012.??.??"]

1. Nf3 d5 2. d4 Nf6 3. c4 c6 4. Nc3 e6 5. e3 Nbd7 6. b3 Bb4 7. Bd2 Bd6 8. Be2
O-O 9. O-O a6 10. Qc2 b5 11. Rfe1 Bb7 12. a3 Rc8 13. c5 Bb8 14. e4 Nxe4 15.
Nxe4 dxe4 16. Qxe4 e5 17. dxe5 Nxc5 18. Qg4 Ne6 19. Rad1 Qe7 20. Bd3 c5 21. Ng5
Nxg5 22. Bxg5 Qe6 23. Bf5 Qc6 24. Be4 1-0

[Event "Tournoi des pays de l'OTAN 2012"]
[Site "BREST (France)"]
[Date "2012.10.04"]
[Round "6.20"]
[White "Kruit, Erik"]
[Black "Balmaceda, Enrico"]
[Result "0-1"]
[WhiteElo "1994"]
[BlackElo "2080"]
[PlyCount "128"]
[EventDate "2012.??.??"]

1. e4 Nf6 2. Nc3 d5 3. exd5 Nxd5 4. d4 c6 5. Nf3 Bg4 6. Be2 e6 7. Ne4 Be7 8.
O-O O-O 9. Ne5 Bxe2 10. Qxe2 Nd7 11. Rd1 h6 12. c4 N5f6 13. Nc3 Re8 14. Bf4 Qc8
15. Rd3 Nxe5 16. dxe5 Nh7 17. Ne4 c5 18. Rg3 Kh8 19. Qh5 Rg8 20. Rh3 Qf8 21.
Rd1 Rd8 22. Rhd3 Rxd3 23. Rxd3 f5 24. Nd6 Bxd6 25. Rxd6 Qe7 26. Qd1 Nf8 27. Be3
b6 28. f4 g6 29. b4 cxb4 30. Qd2 Rg7 31. Qxb4 g5 32. c5 gxf4 33. Qxf4 bxc5 34.
Bxc5 Qb7 35. Qxh6+ Kg8 36. Rd2 Qb1+ 37. Kf2 Qe4 38. g3 f4 39. Qxf4 Rf7 40.
Qxf7+ Kxf7 41. Bxa7 Qxe5 42. Be3 Ng6 43. Rd7+ Ke8 44. Rd2 Qf5+ 45. Ke2 Ne5 46.
Bf4 Qe4+ 47. Kd1 Nc4 48. Re2 Qb1+ 49. Bc1 Qd3+ 50. Ke1 e5 51. Kf2 e4 52. Be3
Ne5 53. h3 Nf3 54. Bf4 Nd4 55. Re3 Qc2+ 56. Kf1 Qc4+ 57. Kg2 Kf7 58. a3 Ne2 59.
Kf2 Nxf4 60. gxf4 Ke6 61. Kg3 Kf5 62. a4 Qd4 63. Rb3 Qg1+ 64. Kh4 Qe1+ 0-1

[Event "Tournoi des pays de l'OTAN 2012"]
[Site "BREST (France)"]
[Date "2012.10.04"]
[Round "6.21"]
[White "Adolfssen, Rico"]
[Black "Keough, Robert W"]
[Result "0-1"]
[WhiteElo "1876"]
[BlackElo "2076"]
[PlyCount "74"]
[EventDate "2012.??.??"]

1. d4 Nf6 2. Nf3 g6 3. Nc3 Bg7 4. e4 d6 5. Bg5 h6 6. Be3 Ng4 7. Bc4 c5 8. O-O
Nxe3 9. fxe3 O-O 10. Nh4 e6 11. Qg4 d5 12. Bd3 Qg5 13. Qxg5 hxg5 14. Nf3 g4 15.
Ne5 dxe4 16. Nxe4 cxd4 17. Nxg4 f5 18. Nd6 Nc6 19. Nf2 dxe3 20. Nh3 Bxb2 21.
Rab1 Bd4 22. Kh1 Ne5 23. Nxc8 Rfxc8 24. Nf4 Nxd3 25. cxd3 Kf7 26. Rxb7+ Kf6 27.
g4 g5 28. Nh5+ Ke5 29. Rb5+ Rc5 30. Rxc5+ Bxc5 31. gxf5 exf5 32. Kg2 f4 33. Kf3
Rh8 34. Kg4 Bb4 35. Nxf4 gxf4 36. Rxf4 Rh4+ 37. Kxh4 Kxf4 0-1

[Event "Tournoi des pays de l'OTAN 2012"]
[Site "BREST (France)"]
[Date "2012.10.04"]
[Round "6.22"]
[White "Bellemare, Regis"]
[Black "Soulie, Cedric"]
[Result "1-0"]
[WhiteElo "1764"]
[BlackElo "2073"]
[PlyCount "131"]
[EventDate "2012.??.??"]

1. e4 d6 2. d4 Nf6 3. Nc3 g6 4. Bd3 Bg7 5. Be3 c6 6. Nf3 Qa5 7. Qd2 Nbd7 8. Bh6
Bxh6 9. Qxh6 Qh5 10. Qxh5 Nxh5 11. Bc4 b5 12. Bb3 Bb7 13. d5 b4 14. dxc6 Bxc6
15. Nd5 Bxd5 16. Bxd5 Rc8 17. Bb3 Nc5 18. Nd2 Nxb3 19. cxb3 Rc2 20. Nc4 Nf4 21.
O-O O-O 22. Rfd1 Rc8 23. Kf1 Rc5 24. Rac1 Rxc1 25. Rxc1 Rh5 26. h3 Rg5 27. Ne3
Ra5 28. Ra1 e6 29. Nc2 Rc5 30. Nxb4 a5 31. Na6 Rc2 32. b4 axb4 33. Nxb4 Rxb2
34. Nc6 Nd3 35. f3 Rf2+ 36. Kg1 Rc2 37. Nd4 Rc4 38. Nb5 d5 39. exd5 exd5 40. a4
Rb4 41. Nc7 d4 42. a5 Rb7 43. Nd5 Nc5 44. a6 Ra7 45. Nb4 d3 46. Kf1 d2 47. Ke2
Re7+ 48. Kf1 Kg7 49. Nc6 Re8 50. Nb4 Re7 51. a7 Rxa7 52. Rd1 Nb3 53. Ke2 Rd7
54. Nc2 f5 55. Na3 Nc1+ 56. Kf1 Rd3 57. Nc4 Nb3 58. Ke2 Rd7 59. Nxd2 Nd4+ 60.
Ke1 Nc2+ 61. Ke2 Re7+ 62. Kf2 f4 63. Ne4 Ra7 64. Nc3 Ne3 65. Re1 Rc7 66. Ne2 {
suite illisible} 1-0

[Event "Tournoi des pays de l'OTAN 2012"]
[Site "BREST (France)"]
[Date "2012.10.04"]
[Round "6.23"]
[White "Dilek, Cihan"]
[Black "Hansen, Stefan"]
[Result "0-1"]
[WhiteElo "1867"]
[BlackElo "2062"]
[PlyCount "94"]
[EventDate "2012.??.??"]

1. d4 d5 2. c4 e6 3. Nc3 c6 4. Nf3 dxc4 5. a4 Bb4 6. e3 b5 7. Ne5 Nf6 8. Bd2 a5
9. g3 O-O 10. Bg2 Bxc3 11. bxc3 Nd5 12. O-O f6 13. Nf3 Bd7 14. Nh4 Ra7 15. Qh5
Be8 16. Qg4 Qe7 17. f4 f5 18. Qh3 Nd7 19. e4 fxe4 20. Bxe4 N7f6 21. Bc2 b4 22.
Rae1 bxc3 23. Bc1 Nb4 24. Bf5 Bf7 25. Rxe6 Qd8 26. Be3 Nbd5 27. Bf2 g6 28. Bc2
Qc8 29. f5 Bxe6 30. fxe6 Rg7 31. Re1 Re8 32. Ng2 Nb4 33. Re2 Nxc2 34. Rxc2 Nd5
35. Be3 Qxe6 36. Qxe6+ Rxe6 37. Bh6 Rb7 38. Rc1 Rb2 39. Rf1 Re8 40. g4 c2 41.
h4 Rb1 42. Bc1 Nc3 43. Nf4 Na2 44. h5 Rxc1 45. Rxc1 Nxc1 46. hxg6 Ne2+ 47. Nxe2
Rxe2 0-1

[Event "Tournoi des pays de l'OTAN 2012"]
[Site "BREST (France)"]
[Date "2012.10.04"]
[Round "6.24"]
[White "Mottais, Francois"]
[Black "Berrak, Sedat"]
[Result "1-0"]
[WhiteElo "2051"]
[BlackElo "2040"]
[PlyCount "75"]
[EventDate "2012.??.??"]

1. d4 Nf6 2. c4 e6 3. Nc3 Bb4 4. e3 b6 5. Bd3 Bb7 6. Nf3 O-O 7. O-O Bxc3 8.
bxc3 Ne4 9. Qc2 f5 10. Nd2 Nxd2 11. Bxd2 d5 12. cxd5 Qxd5 13. f3 Ba6 14. c4 Qd6
15. Bc3 Nd7 16. e4 g6 17. Rad1 e5 18. Qb3 c5 19. dxe5 Nxe5 20. Be2 Qc6 21. Rd5
Nf7 22. Bd3 Rad8 23. Bb2 g5 24. Qc3 Qh6 25. Re1 Bb7 26. exf5 Bxd5 27. cxd5 Rxd5
28. Re6 Rxd3 29. Qxd3 Qh4 30. g4 Rd8 31. Qe2 Kf8 32. Kg2 h5 33. h3 hxg4 34.
fxg4 a5 35. Bf6 Rc8 36. Be7+ Kg8 37. Rg6+ Kh7 38. Qe6 1-0

[Event "Tournoi des pays de l'OTAN 2012"]
[Site "BREST (France)"]
[Date "2012.10.04"]
[Round "6.25"]
[White "Zengin, Sedat"]
[Black "De Cat, Ben"]
[Result "1-0"]
[WhiteElo "2056"]
[BlackElo "1911"]
[PlyCount "63"]
[EventDate "2012.??.??"]

1. e4 d6 2. d4 Nf6 3. Nc3 c6 4. Nf3 Nbd7 5. a4 e5 6. dxe5 dxe5 7. Bc4 h6 8. Qe2
Be7 9. h3 Qc7 10. Be3 g5 11. Bb3 Nf8 12. Nd2 Ng6 13. g3 b6 14. Bc4 a6 15. f3
Bb4 16. Bb3 Bxc3 17. bxc3 a5 18. Rb1 Ba6 19. Bc4 b5 20. axb5 cxb5 21. Bxb5+
Bxb5 22. Qxb5+ Kf8 23. Qb6 Qxc3 24. Rb3 Qa1+ 25. Nb1 Kg7 26. Ra3 Nd7 27. Qb3 a4
28. Rxa1 axb3 29. Rxa8 bxc2 30. Ra1 Nc5 31. Na3 Nb3 32. Nxc2 1-0

[Event "Tournoi des pays de l'OTAN 2012"]
[Site "BREST (France)"]
[Date "2012.10.04"]
[Round "6.26"]
[White "Tucker, David S"]
[Black "Dekker, Ard"]
[Result "1-0"]
[WhiteElo "2117"]
[BlackElo "1866"]
[PlyCount "106"]
[EventDate "2012.??.??"]

1. e4 c6 2. d4 d5 3. exd5 cxd5 4. Bd3 g6 5. c3 Nh6 6. Bf4 Qb6 7. Qc1 Bf5 8. Be2
Nc6 9. Nf3 f6 10. h3 Nf7 11. Be3 Bg7 12. O-O O-O 13. Nh4 Bxb1 14. Rxb1 Rac8 15.
f4 f5 16. Nf3 Nd6 17. Ne5 Qd8 18. Qe1 Nxe5 19. dxe5 Nc4 20. Bd4 e6 21. b3 Nb6
22. Qf2 Rf7 23. Rbc1 Bf8 24. g4 Be7 25. g5 Nd7 26. b4 Nb6 27. Kh2 Nc4 28. Bxc4
Rxc4 29. Bxa7 Qc8 30. Qd2 Bf8 31. Bd4 Rfc7 32. a3 b5 33. Kg3 R4c6 34. Qe2 Qb7
35. h4 Ra6 36. Ra1 Qa8 37. Qxb5 Rxa3 38. Rxa3 Qxa3 39. Qb6 Re7 40. Qa5 Qb3 41.
b5 Qc4 42. Rf2 Qd3+ 43. Rf3 Qd2 44. b6 Qb2 45. Qa6 Kf7 46. Rf2 Qb1 47. Qf1 Qb3
48. Qg2 Rb7 49. Rb2 Qc4 50. Qe2 Qc6 51. Qb5 Qc8 52. Ra2 Be7 53. Ra7 Bd8 1-0

[Event "Tournoi des pays de l'OTAN 2012"]
[Site "BREST (France)"]
[Date "2012.10.04"]
[Round "6.27"]
[White "Kaygisiz, Ozgur Can"]
[Black "Demjen, Attila"]
[Result "1/2-1/2"]
[WhiteElo "1899"]
[BlackElo "2053"]
[PlyCount "86"]
[EventDate "2012.??.??"]

1. e4 c6 2. d4 d5 3. exd5 cxd5 4. c4 Nf6 5. Nc3 Nc6 6. Nf3 Bg4 7. Be3 e6 8. a3
dxc4 9. Bxc4 Be7 10. O-O O-O 11. b4 Rc8 12. Be2 Nxb4 13. axb4 Rxc3 14. Rxa7 Qb6
15. Qa1 Nd5 16. Bd2 Bxf3 17. Bxf3 Rc2 18. Bxd5 exd5 19. Be3 Rc4 20. Qa2 Rxb4
21. Ra5 Bf6 22. Qxd5 Bxd4 23. Bxd4 Rxd4 24. Rb5 Rxd5 25. Rxb6 Rd7 26. Rfb1 Rb8
27. g3 Kf8 28. h4 Ke8 29. Kg2 Kd8 30. R6b3 Kc8 31. Rc3+ Rc7 32. Re3 Rd7 33.
Rc3+ Kd8 34. Rcb3 Kc8 35. Rc3+ Kd8 36. Rcb3 Ke8 37. Re3+ Re7 38. Reb3 h6 39. g4
Rd7 40. Kg3 Kd8 41. f3 Kc8 42. Rc3+ Kd8 43. Rcb3 Kc8 1/2-1/2